| 000 | 02428nam0a2200421 4500 | ||
|---|---|---|---|
| 001 | RU\NLR\bibl\1483501 | ||
| 005 | 20250616010332.0 | ||
| 010 |
_a978-5-8173-0395-4 _9125 |
||
| 021 |
_aRU _b2010-444 _924 |
||
| 035 | _a(nilc)RSL-KNO-004569260 | ||
| 035 | _a(NLR Aleph) 001475127 | ||
| 090 |
_a1668325 _c1668325 |
||
| 100 | _a20100127d2009 |||y0rusy50 ca | ||
| 101 | 0 | _arus | |
| 102 | _aRU | ||
| 105 | _aa zzzz||||| | ||
| 200 | 1 |
_aПсихология когнитивной деятельности в контексте работы с детьми-инвалидами _eучебное пособие _fВ.С. Нургалеев, П.Г. Лубочников, Е.С. Дегтярев, Р.А. Влодарчик _gФедеральное агентство по образованию, ГОУ ВПО "Сибирский гос. технологический ун-т", Ин-т доп. проф. образования, повышения квалификации и переподгот. специалистов |
|
| 210 |
_aКрасноярск _cСибГТУ _d2009 |
||
| 215 |
_a162 с. _cил. _d21 |
||
| 225 | 1 | _aМедико-психолого-социально-педагогическое сопровождение детей-инвалидов и их семей | |
| 320 | _aБиблиогр.: с. 149-153 (17 назв.) | ||
| 606 | 1 |
_aДети-инвалиды _jУчебные издания для повышения квалификации _xПсихологические исследования _92590458 _3RU\NLR\auth\661530895 |
|
| 606 | 1 |
_aДети-инвалиды _jУчебные издания для повышения квалификации _xКогнитивное обучение _92603590 _3RU\NLR\auth\661540148 |
|
| 686 |
_aЮ948-734я73-1 _2rubbk |
||
| 686 |
_aЮ983.7я73-1 _2rubbk |
||
| 686 | _aЮ948.2я77 | ||
| 686 | _aЮ983.5я77 | ||
| 686 | _aЧ430.122.1я77 | ||
| 701 | 1 |
_aНургалеев _bВ. С. _f1967- _gВладимир Султанович _4070 |
|
| 701 | 1 |
_aЛубочников _bП. Г. _f1979- _gПавел Геннадьевич _4070 |
|
| 701 | 1 |
_aДегтярев _bЕ. С. _gЕвгений Сергеевич _4070 |
|
| 701 | 1 |
_aВлодарчик _bР. А. _gРоман Андреевич _4070 |
|
| 801 | 0 |
_aRU _bRuMoRGB _c20100127 _grcr |
|
| 801 | 1 |
_aRU _bRuMoRGB _c20100127 |
|
| 801 | 2 |
_aRU _bNLR _c20100311 _grcr |
|
| 942 | _cBOOK | ||
| 980 | _aNB | ||